|
|
|
|
| LEADER |
00000nam0a2200000 4500 |
| 001 |
105747 |
| 005 |
20231031114615.0 |
| 010 |
|
|
|a 5020335770
|
| 010 |
|
|
|a 5-89349-770-8
|
| 035 |
|
|
|a (RuTPU)RU\TPU\book\114107
|
| 035 |
|
|
|a RU\TPU\book\84292
|
| 090 |
|
|
|a 105747
|
| 100 |
|
|
|a 20061121d2006 m y0rusy50 ca
|
| 101 |
0 |
|
|a rus
|
| 102 |
|
|
|a RU
|
| 105 |
|
|
|a y j 001zy
|
| 200 |
1 |
|
|a Речевая культура молодого специалиста
|e учебное пособие
|f Е. Н. Барышникова, Е. В. Клепач, Н. А. Красс
|
| 205 |
|
|
|a 2-е изд., испр.
|
| 210 |
|
|
|a Москва
|c Наука
|c Флинта
|d 2006
|
| 215 |
|
|
|a 223 с.
|
| 320 |
|
|
|a Библиогр.: с. 219-222.
|
| 330 |
|
|
|a Данное пособие выполнено в соответствии с требованиями Государственного стандарта. Состоит из 3-х разделов: 1) нормы русского литературного языка; 2) деловое общение; 3) научная речь. Также в пособии предлагается план-программа данного учебного курса и литература по курсу. Для студентов 1 и 2 курсов инженерных и естественнонаучных факультетов высших учебных заведений.
|
| 451 |
|
1 |
|0 (RuTPU)RU\TPU\book\166475
|y 978-5-02-033577-6
|t Речевая культура молодого специалиста
|o учебное пособие
|f Е. Н. Барышникова, Е. В. Клепач, Н. А. Красс
|e 4-е изд.
|c М.
|n Наука
|n Флинта
|d 2008
|p 223 с.
|a Барышникова, Елена Николаевна
|
| 451 |
|
1 |
|0 (RuTPU)RU\TPU\book\84292
|y 978-5-89349-770-0
|t Речевая культура молодого специалиста
|o учебное пособие
|f Е. Н. Барышникова, Е. В. Клепач, Н. А. Красс
|c М.
|n Наука
|n Флинта
|d 2005
|p 223 с.
|a Барышникова, Елена Николаевна
|
| 451 |
|
|
|y 5-02-033577-0
|
| 451 |
|
|
|y 5-89349-770-8
|
| 610 |
1 |
|
|a русский язык
|
| 610 |
1 |
|
|a стилистика
|
| 610 |
1 |
|
|a культура речи
|
| 610 |
1 |
|
|a речевая культура
|
| 610 |
1 |
|
|a языковые нормы
|
| 610 |
1 |
|
|a деловое общение
|
| 610 |
1 |
|
|a научный стиль
|
| 610 |
1 |
|
|a реферирование
|
| 610 |
1 |
|
|a аннотации
|
| 610 |
1 |
|
|a учебные пособия
|
| 686 |
|
|
|a Ш141.2-923.7
|v LBC/SL-A
|2 rubbk
|
| 700 |
|
1 |
|a Барышникова
|b Е. Н.
|g Елена Николаевна
|
| 701 |
|
1 |
|a Клепач
|b Е. В.
|g Елена Викторовна
|
| 701 |
|
1 |
|a Красс
|b Н. А.
|g Наталья Александровна
|
| 801 |
|
1 |
|a RU
|b 63413507
|c 20050627
|g PSBO
|
| 801 |
|
2 |
|a RU
|b 63413507
|c 20170324
|g PSBO
|
| 900 |
|
|
|a Лексикология
|
| 900 |
|
|
|a Культура речевого общения
|
| 900 |
|
|
|a Речевая коммуникация
|
| 900 |
|
|
|a Устная и письменная научная речь
|
| 942 |
|
|
|c BK
|
| 955 |
|
|
|b 020000
|